[Event "Challenge"]
[Site "http://www.queenalice.com/game.php?id=433740"]
[Date "2008.7.15"]
[Round "-"]
[White "Barbudo"]
[Black "b3nedtiojr"]
[Result "1-0"]
[WhiteElo "1584"]
[BlackElo "1381"]

1. e4 e5 2. Nf3 Bd6 3. Bc4 Nf6 4. O-O O-O 5. Nc3 Nc6 6. d3 Ng4 7. Bg5 Be7 8.
Bxe7 Qxe7 9. Nd5 Qc5 10. Nxc7 Rb8 11. Nd5 d6 12. c3 Be6 13. b4 Nxf2 14. Rxf2
Qxf2+ 15. Kxf2 Bg4 16. h3 Bxf3 17. Qxf3 Rbe8 18. Qg4 f5 19. exf5 Ne7 20. Nc7+
Kh8 21. Nxe8 Rxf5+ 22. Kg1 g6 23. Nxd6 h5 24. Qh4 g5 25. Qxh5+ Kg7 26. Nxf5+
Nxf5 27. Qxg5+ 1-0

[Event "Challenge"]
[Site "http://www.queenalice.com/game.php?id=433754"]
[Date "2008.7.15"]
[Round "-"]
[White "b3nedtiojr"]
[Black "Gambitshark"]
[Result "0-1"]
[WhiteElo "1361"]
[BlackElo "2608"]

1. e4 e5 2. Nf3 Nc6 3. Bc4 Nf6 4. Nc3 Nxe4 5. Nxe4 d5 6. Nf6+ gxf6 7. Bb5 Rg8 8.
O-O Bg4 9. Qe2 Be7 10. d4 e4 11. Bxc6+ bxc6 12. Qa6 exf3 13. Qxc6+ Bd7 14. Qxd5
Rxg2+ 15. Kh1 Be6 16. Qxf3 Bd5 17. Qxg2 Bxg2+ 18. Kxg2 Qxd4 19. Be3 Qg4+ 20. Kh1
Qf3+ 21. Kg1 O-O-O 22. Rad1 Rg8+ 0-1

[Event "Challenge"]
[Site "http://www.queenalice.com/game.php?id=433977"]
[Date "2008.7.16"]
[Round "-"]
[White "Gansothedark"]
[Black "b3nedtiojr"]
[Result "1-0"]
[WhiteElo "1429"]
[BlackElo "1349"]

1. e4 e5 2. Bc4 Nf6 3. d3 Bc5 4. Bg5 O-O 5. Nf3 Ng4 6. O-O Qe8 7. Nbd2 d6 8. c3
Bxf2+ 9. Rxf2 Nxf2 10. Kxf2 h6 11. Bh4 Be6 12. Qb3 b6 13. Bxe6 Qxe6 14. Qxe6
fxe6 15. Be7 Rf7 16. Bd8 Na6 17. Bh4 Raf8 18. Rf1 Nc5 19. Ke2 g5 20. Bg3 g4 21.
d4 Nxe4 22. Nxe4 exd4 23. cxd4 d5 24. Ned2 gxf3+ 25. Rxf3 c5 26. dxc5 1-0

[Event "Challenge"]
[Site "http://www.queenalice.com/game.php?id=433978"]
[Date "2008.7.16"]
[Round "-"]
[White "b3nedtiojr"]
[Black "Gansothedark"]
[Result "0-1"]
[WhiteElo "1363"]
[BlackElo "1415"]

1. e4 e5 2. Nf3 Nc6 3. Bd3 d6 4. Qe2 Bg4 5. O-O Qf6 6. Re1 Nh6 7. h3 Bxf3 8.
Qxf3 Nd4 9. Qe3 O-O-O 10. c3 Nc6 11. Bb5 Qf4 12. Qxf4 exf4 13. Bxc6 bxc6 14. d4
g5 15. f3 f5 16. e5 d5 17. e6 Re8 18. Na3 Bxa3 19. bxa3 Re7 20. Bd2 Rhe8 21. Re5
Rxe6 22. Rae1 g4 23. Rxe6 Rg8 24. Rxh6 gxh3 25. Bxf4 Rxg2+ 26. Kh1 Rf2 0-1

[Event "Challenge"]
[Site "http://www.queenalice.com/game.php?id=433991"]
[Date "2008.7.16"]
[Round "-"]
[White "Gansothedark"]
[Black "b3nedtiojr"]
[Result "1-0"]
[WhiteElo "1400"]
[BlackElo "1378"]

1. d4 d5 2. e3 Nc6 3. Nc3 Qd6 4. Bd2 Be6 5. Qf3 O-O-O 6. g3 Nf6 7. Bb5 a6 8.
Bxc6 Qxc6 9. Nge2 Bg4 10. Qg2 Qc4 11. f3 Bh5 12. g4 Bg6 13. O-O e6 14. b3 Qc6
15. g5 Nh5 16. Nf4 Nxf4 17. exf4 Bxc2 18. Rac1 Bd3 19. Rfe1 h6 20. Re3 Bf5 21.
Rce1 h5 22. Bc1 Bb4 23. Bd2 h4 24. Qe2 Rhg8 25. Kh1 Be7 26. Rc1 f6 27. gxf6 1-0

[Event "Challenge"]
[Site "http://www.queenalice.com/game.php?id=438486"]
[Date "2008.7.24"]
[Round "-"]
[White "b3nedtiojr"]
[Black "allvaro"]
[Result "0-1"]
[WhiteElo "1418"]
[BlackElo "1514"]

1. e4 e5 2. Nf3 Bd6 3. Bc4 Nf6 4. Qe2 b6 5. Ng5 Rf8 6. O-O Nc6 7. Bxf7+ Rxf7 8.
Nxf7 Kxf7 9. d3 Nd4 10. Qe3 Nxc2 11. Qf3 Nxa1 12. Na3 Bxa3 13. bxa3 Nc2 14. Qe2
Nd4 15. Qb2 Ba6 16. Bg5 Bxd3 17. Rd1 Bxe4 18. f4 d6 19. Qf2 c5 20. fxe5 dxe5 21.
Rf1 Bf5 22. Qe3 Qd5 23. Qf2 h6 24. Bxf6 gxf6 25. Qh4 Rh8 26. g4 Qf3 27. Qh5+ Bg6
28. Rxf3 Nxf3+ 29. Kg2 Bxh5 30. gxh5 Nxh2 31. Kxh2 Rg8 32. a4 a5 0-1

[Event "Challenge"]
[Site "http://www.queenalice.com/game.php?id=441096"]
[Date "2008.7.30"]
[Round "-"]
[White "b3nedtiojr"]
[Black "Denny"]
[Result "1-0"]
[WhiteElo "1412"]
[BlackElo "1200"]

1. e4 e5 2. Nf3 Nc6 3. Bc4 Bb4 4. c3 Bc5 5. d4 exd4 6. cxd4 Nxd4 7. Nxd4 Bb4+ 8.
Bd2 Bc5 9. Qf3 Qf6 10. O-O Qxf3 11. Nxf3 Nf6 12. Bg5 Nxe4 13. Re1 Be3 14. Rxe3
O-O 15. Rxe4 h6 16. Bh4 g5 17. Rg4 h5 18. Rxg5+ Kh7 19. Rxh5+ Kg6 20. Rg5+ Kh7
21. Bd3+ Kh6 22. g4 d6 23. Bg3 Bxg4 24. Rxg4 Rae8 25. Bf4+ Kh5 26. Rh4# 1-0

[Event "Challenge"]
[Site "http://www.queenalice.com/game.php?id=441097"]
[Date "2008.7.30"]
[Round "-"]
[White "b3nedtiojr"]
[Black "paulove"]
[Result "0-1"]
[WhiteElo "1420"]
[BlackElo "1921"]

1. e4 c5 2. Bc4 Nc6 3. Qf3 e6 4. Ne2 Nf6 5. Nf4 Ne5 6. Qc3 d6 7. O-O Nxe4 8. Qb3
Nxc4 9. Qxc4 d5 10. Qb5+ Qd7 11. a4 Be7 12. d3 Nf6 13. Ra3 Qxb5 14. axb5 Bd7 15.
b6 a6 16. Nc3 c4 17. Ra5 Bb4 18. Ra2 Bxc3 19. bxc3 cxd3 20. Nxd3 Ne4 21. Nc5
Nxc5 22. Ba3 Ne4 23. c4 Nd2 24. Rd1 Nxc4 25. Bd6 Nxb6 26. c3 Nc4 27. Rb1 Nxd6
28. Rb6 Bc6 29. g4 Nc4 30. Rb4 a5 31. Rb1 O-O 32. Re2 b5 33. Rbe1 a4 34. g5 g6
35. h4 Rac8 36. f4 Nd6 0-1

[Event "Challenge"]
[Site "http://www.queenalice.com/game.php?id=441098"]
[Date "2008.7.30"]
[Round "-"]
[White "Borsssoi"]
[Black "b3nedtiojr"]
[Result "0-1"]
[WhiteElo "1655"]
[BlackElo "1361"]

1. d4 d5 2. e3 Nc6 3. Bb5 Bd7 4. Bxc6 Bxc6 5. f4 Qd6 6. Bd2 O-O-O 7. Nf3 f6 8.
Nc3 e5 9. dxe5 fxe5 10. fxe5 Qg6 11. Nh4 Qg5 12. g3 Qxe5 13. Qf3 d4 14. Qf4 Qxf4
15. gxf4 Bxh1 16. Nb5 Re8 17. Nxd4 Nh6 18. O-O-O Be4 19. Bc3 Ng4 20. h3 Nxe3 21.
Re1 Nxc2 22. Nxc2 Bd6 23. Bxg7 Rhg8 24. Bh6 Rg3 25. Re2 Rg1+ 26. Kd2 Bf8 27. f5
Bxh6+ 28. Kc3 Rc1 29. Ng2 Rxc2+ 30. Rxc2 Bxc2 31. Kxc2 Re2+ 32. Kd3 Rxg2 33. Ke4
Rxb2 34. Ke5 a5 35. f6 Rxa2 36. Ke6 Rh2 37. Ke7 Rxh3 38. Kf7 a4 39. Kg8 a3 40.
f7 a2 0-1

[Event "Challenge"]
[Site "http://www.queenalice.com/game.php?id=441100"]
[Date "2008.7.30"]
[Round "-"]
[White "b3nedtiojr"]
[Black "roquefrizzo"]
[Result "0-1"]
[WhiteElo "1393"]
[BlackElo "1424"]

1. e4 d6 2. Nf3 e5 3. d4 exd4 4. Qxd4 Nc6 5. Qc4 Qe7 6. Bd3 d5 7. Qxd5 Be6 8.
Qh5 Nb4 9. Qb5+ c6 10. Qa4 Qc5 11. O-O Bc4 12. b3 Bxd3 13. cxd3 Nc2 14. Be3 Nxe3
15. fxe3 Qxe3+ 16. Kh1 Qxd3 17. Qc4 Qd6 18. Ng5 O-O-O 19. Nxf7 Qg6 20. Nxh8 Qh6
21. Nf7 Qh5 22. Nxd8 Bd6 23. g3 Bxg3 24. Qe6+ Kxd8 25. Rf8+ Kc7 26. Kg2 Qxh2+
27. Kf3 Qf2+ 28. Kg4 Qxf8 29. Nc3 Qf4+ 30. Kh3 Nf6 31. Nd5+ cxd5 32. Rc1+ Kd8
33. Qc8+ Ke7 34. Qxb7+ Ke6 35. Rc6+ Ke5 36. Qe7+ Kd4 37. Qc5+ Kxe4 38. Qe7+ Kf5
39. Qe6+ Kg5 40. Qf7 Qh4+ 41. Kg2 Qh2+ 0-1

[Event "Challenge"]
[Site "http://www.queenalice.com/game.php?id=441615"]
[Date "2008.7.31"]
[Round "-"]
[White "b3nedtiojr"]
[Black "paddymalonespub"]
[Result "0-1"]
[WhiteElo "1418"]
[BlackElo "1664"]

1. e4 d5 2. d3 dxe4 3. dxe4 Qxd1+ 4. Kxd1 e5 5. Na3 Bxa3 6. bxa3 Nc6 7. Bb5 Bd7
8. Rb1 O-O-O 9. Nf3 Bg4+ 10. Bd2 Nge7 11. Re1 Bxf3+ 12. gxf3 Nd4 13. Bc4 Nxf3
14. Re2 Nxh2 15. Re3 Ng4 16. Reb3 b6 17. Ba6+ Kb8 18. Kc1 Nxf2 19. Ba5 Rd1+ 20.
Kb2 Rxb1+ 21. Kxb1 Nc6 22. Be1 Nxe4 23. a4 Nc5 24. Bb5 Nxb3 25. Bxc6 Nd4 26. a5
Nxc6 27. axb6 cxb6 28. c4 Rd8 29. a4 Rd1+ 0-1

[Event "Challenge"]
[Site "http://www.queenalice.com/game.php?id=441648"]
[Date "2008.7.31"]
[Round "-"]
[White "b3nedtiojr"]
[Black "Borsssoi"]
[Result "0-1"]
[WhiteElo "1366"]
[BlackElo "1650"]

1. e4 e6 2. e5 d6 3. Qe2 Nc6 4. exd6 cxd6 5. d3 Nf6 6. Bg5 Be7 7. Nf3 h6 8. Bxf6
Bxf6 9. c3 e5 10. d4 O-O 11. Qe4 d5 12. Qd3 e4 13. Qc2 exf3 14. gxf3 Re8+ 15.
Be2 g6 16. h4 Bf5 17. Qd2 Kg7 18. h5 g5 19. f4 Bg4 20. Kf1 Bxe2+ 21. Kg2 g4 22.
Re1 Bf3+ 23. Kf1 Bh4 24. Rxe8 Qxe8 25. Na3 Qd7 26. Re1 g3 27. fxg3 Bxg3 28. Re3
Qh3+ 29. Qg2 Qxg2# 0-1

[Event "Challenge"]
[Site "http://www.queenalice.com/game.php?id=444582"]
[Date "2008.8.6"]
[Round "-"]
[White "fafaducarmo"]
[Black "b3nedtiojr"]
[Result "1-0"]
[WhiteElo "1490"]
[BlackElo "1406"]

1. d4 b6 2. e4 d5 3. exd5 Qxd5 4. c4 Qa5+ 5. Qd2 Nf6 6. Qxa5 bxa5 7. Nc3 Nc6 8.
Be3 Nb4 9. O-O-O a4 10. a3 Nc6 11. f3 e6 12. Nxa4 Bd6 13. Bg5 Nh5 14. c5 h6 15.
Bh4 O-O 16. cxd6 cxd6 17. Bb5 Na5 18. Be7 Re8 19. Bxd6 Nb3+ 20. Kb1 Rd8 21. Bc6
Rxd6 22. Bxa8 e5 23. d5 Bd7 24. Nc3 f5 25. Ka2 Rb6 26. Na4 Bxa4 27. d6 Rb8 28.
Bd5+ Kh7 29. d7 Na5 30. Be6 Bb3+ 31. Bxb3 Nxb3 32. d8=Q Rxd8 33. Rxd8 Nc1+ 34.
Kb1 1-0